000 00783nam a2200301 a 4500
003 AR-BaBNM
005 20251128205418.0
008 082120s2002 ||||||||||||||000 | spa||
020 _a950-802-051-2
040 _cAR-BaBNM
100 1 _aOrsi, Raúl Oscar
245 0 0 _aPobreza, gerencia social y política
250 _a1ª ed.
260 _aBuenos Aires
_bEspacio
_c1996
300 _a77 p.
504 _aBibliografía: p. 73-76
650 4 _aPOBREZA
650 4 _aDESEMPLEO
650 4 _aREFORMA DEL ESTADO
650 4 _aESTADO Y SOCIEDAD
650 4 _aMERCADOS FINANCIEROS
650 4 _aPROBLEMAS SOCIALES
650 4 _aCONDICIONES DE VIDA
700 1 _aRique, Juan José
700 1 _aPrimavera, Heloisa H.
_eprologuista
942 _cBK
998 _cSILVI
999 _c11335
_d11335